Podnikový manažment na profesionálnej úrovni

Guardado en:
Detalles Bibliográficos
Autor principal: Jassinger, Alfréd
Formato: Libro
Lenguaje:eslovaco
Publicado: Nitra Agroinštitút 1991
Edición:1. vyd.
Materias:
Etiquetas: Agregar Etiqueta
Sin Etiquetas, Sea el primero en etiquetar este registro!

MARC

LEADER 00000nam a2200000 4500
001 c000955
005 20221214094527.5
020 |a 80-7139-008-9 
041 0 |a slo 
044 |a SK 
245 1 0 |a Podnikový manažment na profesionálnej úrovni  |c Alfréd Jassinger 
250 |a 1. vyd. 
264 1 |a Nitra  |b Agroinštitút  |c 1991 
300 |a 133 s. 
610 2 0 |a manažment 
610 2 0 |a podnik 
610 2 0 |a stratégia podniková 
610 2 0 |a ciele podnikové 
610 2 0 |a riadenie podnikové 
610 2 0 |a pracovníci vedúci 
100 1 |a Jassinger, Alfréd